Spieler von FC Barcelona - Sudden Death - Statistiken

Allgemein
  • Dieses Quiz wurde 519 mal gespielt
  • Das Durchschnittsergebnis liegt bei 13 aus 20
Answers on the Grid
Answers color-coded by a green-red scale on the quiz's grid according to % correct below.
Lionel Messi
Luis Suárez
Raphinha
Martin Braithwaite
Gerard Piqué
Éric Abidal
Yaya Touré
Juan Román Riquelme
Philippe Coutinho
Gary Lineker
Samuel Eto’o
Jean-Clair Todibo
Andrés Iniesta
Michael Laudrup
Ronaldinho
Rivaldo
Johan Cruyff
Xavi
Marc Bartra
Ronald Koeman
Didier Drogba
Baltazar Costa
Sócrates
Jay-Jay Okocha
Florent Mollet
Takefusa Kubo
Robert Pirès
Roberto Carlos
George Weah
Hugo Mallo
Cédric
Adel Taarabt
 
Antwortstatistiken
Antwort % Korrekt
Xavi
89%
Lionel Messi
86%
Luis Suárez
85%
Gerard Piqué
83%
Ronaldinho
83%
Raphinha
82%
Andrés Iniesta
80%
Samuel Eto’o
78%
Johan Cruyff
77%
Philippe Coutinho
75%
Rivaldo
68%
Ronald Koeman
68%
Marc Bartra
62%
Martin Braithwaite
61%
Éric Abidal
60%
Yaya Touré
57%
Michael Laudrup
44%
Juan Román Riquelme
39%
Jean-Clair Todibo
31%
Gary Lineker
25%
Keine übereinstimmenden Quizze gefunden
Verteilung der Resultate
Anzahl Personen mit jedem Resultat
Perzentil nach korrekt beantworteten Fragen
Ihre Resultats-Entwicklung
Sie haben dieses Quiz noch nicht gespielt